书目信息 |
| 题名: |
灭火剂
|
|
| 作者: | 施莱别尔 , 鲍尔斯特 著 ;洪福有 译 | |
| 分册: | ||
| 出版信息: | 北京 群众出版社 1982 |
|
| 页数: | 197页 | |
| 开本: | 19cm | |
| 丛书名: | ||
| 单 册: | ||
| 中图分类: | TU998.13 | |
| 科图分类: | ||
| 主题词: | 灭火剂 | |
| 电子资源: | ||
| ISBN: | ||
| 000 | 00748nam0 2200253 45 | |
| 001 | 0182003964 | |
| 005 | 20060820103613.76 | |
| 010 | @dCNY0.53 | |
| 091 | @a13067.70 | |
| 100 | @a19950323d1982 em y0chiy0121 ea | |
| 101 | 1 | @achi@cger |
| 102 | @aCN@b110000 | |
| 105 | @ay z 000yy | |
| 200 | 10 | @a灭火剂@Amie huo ji@f(德)H·M·施莱别尔,(德)P·鲍尔斯特著@F(de)H·M·shi lai bie er,(de)P·bao er si te zhu@g洪福有译 |
| 210 | @a北京@c群众出版社@d1982 | |
| 215 | @a197页@d19cm | |
| 606 | @a灭火剂 | |
| 690 | @aTU998.13@v3 | |
| 701 | 0 | @a施莱别尔@Ashi lai bie er@4著 |
| 701 | 0 | @a鲍尔斯特@Abao er si te@4著 |
| 702 | 0 | @a洪福有@Ahong fu you@4译 |
| 801 | 0 | @aCN@bTSSF@c20060820 |
| 801 | 2 | @aCN@bNLC@c20060720 |
| 905 | @a10447@dTU998.13@e238 | |
| 灭火剂/(德)H·M·施莱别尔,(德)P·鲍尔斯特著/洪福有译.-北京:群众出版社,1982 |
| 197页;19cm |
| ISBN :CNY0.53 |
| ● |
| 相关链接 |
|
|
|
|
正题名:灭火剂
索取号:TU998.13/238
 
预约/预借
| 序号 | 登录号 | 条形码 | 馆藏地/架位号 | 状态 | 备注 |
| 1 | 0432343 | 204323437 | 密集书库/ [索取号:TU998.13/238] | 在馆 | |
| 2 | 0470320 | 204703204 | 密集书库/ [索取号:TU998.13/238] | 在馆 |